[Event "GER-ch 2012-B-V3 serv"]
[Site "GER email"]
[Date "2012.??.??"]
[Round "?"]
[White "Preusse, Goetz"]
[Black "Jaschke, Dieter"]
[Result "1-0"]
[WhiteElo "1946"]
[BlackElo "1640"]
[PlyCount "41"]
[EventDate "2012.05.15"]
[EventType "tourn (corr)"]
[EventRounds "6"]
[EventCountry "GER"]
[SourceTitle "Corr 2015"]
[Source "ChessBase"]
[SourceDate "2015.07.17"]
[SourceVersion "1"]
[SourceVersionDate "2015.07.17"]
[SourceQuality "1"]

1. e4 c6 2. d4 d5 3. e5 Bf5 4. Nf3 e6 5. Be2 Nd7 6. 0-0 c5 7. c4 dxc4 8. Na3 cxd4 9. Nxc4 Bc5 10. Nxd4 Ne7 11. Nd6+ Bxd6 12. exd6 Nc8 13. Nxf5 exf5 14. Bf3 Rb8 15. Re1+ Kf8 16. Qd3 Qf6 17. Bd2 Ne5 18. d7 Nd6 19. Rxe5 Qxe5 20. Re1 Qc5 21. Bf4 1-0

[Event "Oberfranken-ch Seniors 27th"]
[Site "Bischofsgruen"]
[Date "2010.05.05"]
[Round "7"]
[White "Jaschke, Dieter"]
[Black "Moerger, Karl Heinz"]
[Result "1/2-1/2"]
[WhiteElo "1944"]
[BlackElo "2027"]
[PlyCount "32"]
[EventDate "2010.05.05"]
[EventType "swiss"]
[EventRounds "9"]
[EventCountry "GER"]
[SourceTitle "EXT 2022"]
[Source "ChessBase"]
[SourceDate "2021.10.06"]
[SourceVersion "1"]
[SourceVersionDate "2021.10.06"]
[SourceQuality "1"]

1. d4 d5 2. Nf3 Nf6 3. g3 e6 4. Bg5 Be7 5. Bg2 0-0 6. 0-0 b6 7. c4 Bb7 8. Ne5 Nbd7 9. cxd5 Bxd5 10. Nc6 Bxc6 11. Bxc6 Rb8 12. Nc3 Nd5 13. Bxe7 Nxe7 14. Bg2 c6 15. Rc1 Rc8 16. b4 b5 1/2-1/2

[Event "Oberfranken-ch Seniors 27th"]
[Site "Bischofsgruen"]
[Date "2010.05.05"]
[Round "2"]
[White "Romainczyk, Stefan"]
[Black "Jaschke, Dieter"]
[Result "1/2-1/2"]
[WhiteElo "1816"]
[BlackElo "1944"]
[PlyCount "50"]
[EventDate "2010.05.05"]
[EventType "swiss"]
[EventRounds "9"]
[EventCountry "GER"]
[SourceTitle "EXT 2022"]
[Source "ChessBase"]
[SourceDate "2021.10.06"]
[SourceVersion "1"]
[SourceVersionDate "2021.10.06"]
[SourceQuality "1"]

1. e4 c6 2. Bc4 d5 3. exd5 cxd5 4. Bb3 Nc6 5. d4 Bf5 6. Be3 e6 7. Ne2 Bd6 8. Nd2 Nf6 9. Ng3 Bg6 10. 0-0 0-0 11. c3 Qc7 12. Bg5 Bxg3 13. fxg3 Ne4 14. Bf4 Qb6 15. Nxe4 Bxe4 16. Kh1 Rac8 17. Rc1 Na5 18. Rf2 Nc4 19. Bxc4 Rxc4 20. Qg4 Bf5 21. Qh5 Bg6 22. Qg4 Rfc8 23. Rcf1 Bf5 24. Qh5 Bg6 25. Qg4 Bf5 1/2-1/2

[Event "Regionalliga NW 0910"]
[Site "Bayern"]
[Date "2010.03.21"]
[Round "8.8"]
[White "Jaschke, Dieter"]
[Black "Heerlein, Gerd"]
[Result "1/2-1/2"]
[WhiteElo "1815"]
[BlackElo "1744"]
[PlyCount "53"]
[EventDate "2009.10.18"]
[EventType "team-tourn"]
[EventRounds "9"]
[EventCountry "GER"]
[SourceTitle "EXT 2011"]
[Source "ChessBase"]
[SourceDate "2010.11.26"]
[SourceVersion "1"]
[SourceVersionDate "2010.11.26"]
[SourceQuality "1"]
[WhiteTeam "Kirchenlaibach"]
[BlackTeam "Bad Neustadt"]
[WhiteTeamCountry "GER"]
[BlackTeamCountry "GER"]

1. d4 Nf6 2. Nf3 g6 3. c4 Bg7 4. Nc3 0-0 5. Bg5 d6 6. e3 h6 7. Bxf6 Bxf6 8. Be2 Nc6 9. 0-0 e5 10. dxe5 Nxe5 11. Qc2 Bg7 12. Rad1 b6 13. Nxe5 Bxe5 14. Bf3 Rb8 15. Nb5 a6 16. Nd4 Bxd4 17. Rxd4 Bb7 18. Bd5 Qg5 19. h4 Qf6 20. Rf4 Qg7 21. Bxb7 Rxb7 22. Qe4 Rfb8 23. Qd4 b5 24. Qxg7+ Kxg7 25. cxb5 axb5 26. Rd1 b4 27. Rc4 1/2-1/2

[Event "Oberfranken-ch Seniors"]
[Site "Bischofsgruen"]
[Date "2009.06.11"]
[Round "7"]
[White "Jaschke, Dieter"]
[Black "Weigel, Herbert"]
[Result "0-1"]
[WhiteElo "1944"]
[BlackElo "2158"]
[PlyCount "60"]
[EventDate "2009.06.05"]
[EventType "swiss"]
[EventRounds "9"]
[EventCountry "GER"]
[SourceTitle "EXT 2012"]
[Source "ChessBase"]
[SourceDate "2011.11.24"]
[SourceVersion "1"]
[SourceVersionDate "2011.11.24"]
[SourceQuality "1"]

1. d4 g6 2. g3 Bg7 3. Bg2 c5 4. Nf3 cxd4 5. Nxd4 Nf6 6. 0-0 0-0 7. Bg5 h6 8. Bxf6 Bxf6 9. c3 Qb6 10. Qb3 Qc7 11. Na3 Nc6 12. Rfd1 d6 13. Rac1 Bd7 14. e3 Rac8 15. Nab5 Qb6 16. Nxc6 bxc6 17. Nd4 Qa6 18. Bf1 Qa5 19. Qc2 Rb8 20. b3 Rbc8 21. b4 Qb6 22. Nb3 Bg4 23. Rd2 c5 24. a3 cxb4 25. axb4 Rxc3 26. Qa2 Rfc8 27. Rxc3 Rxc3 28. Nd4 Qxb4 29. Rb2 Qc5 30. h3 Bd7 0-1

[Event "GER HL-163 email"]
[Site "GER email"]
[Date "2008.10.20"]
[Round "?"]
[White "Jaschke, Dieter"]
[Black "Haberecht, Christian"]
[Result "0-1"]
[WhiteElo "1640"]
[BlackElo "1593"]
[PlyCount "50"]
[EventDate "2008.??.??"]
[EventType "tourn (corr)"]
[EventRounds "6"]
[EventCountry "GER"]
[SourceTitle "Corr 2011"]
[Source "ChessBase"]
[SourceDate "2010.08.31"]
[SourceVersion "1"]
[SourceVersionDate "2010.08.31"]
[SourceQuality "1"]

1. d4 Nf6 2. Nf3 c5 3. e3 d5 4. Bb5+ Bd7 5. Bxd7+ Nbxd7 6. c4 cxd4 7. Nxd4 e5 8. Ne2 dxc4 9. Qa4 Rc8 10. Nd2 Be7 11. Nxc4 0-0 12. 0-0 Nc5 13. Qd1 Nd3 14. Qb3 Ne4 15. a4 Qd5 16. Nd2 Qxb3 17. Nxb3 Rc2 18. f3 Rxe2 19. fxe4 Rc8 20. Rd1 Rcc2 21. Bd2 h6 22. Rab1 Bb4 23. Nc1 Rexd2 24. Nxd3 Rxg2+ 25. Kh1 Rxh2+ 0-1

[Event "GER-ch45 V7 email"]
[Site "GER email"]
[Date "2008.08.29"]
[Round "?"]
[White "Jaschke, Dieter"]
[Black "Fechner, Joachim"]
[Result "0-1"]
[WhiteElo "1640"]
[BlackElo "2075"]
[PlyCount "40"]
[EventDate "2008.??.??"]
[EventType "tourn (corr)"]
[EventRounds "10"]
[EventCountry "GER"]
[SourceTitle "Corr 2011"]
[Source "ChessBase"]
[SourceDate "2010.08.31"]
[SourceVersion "1"]
[SourceVersionDate "2010.08.31"]
[SourceQuality "1"]

1. d4 Nf6 2. Nf3 b6 3. g3 Bb7 4. Bg2 e6 5. c4 Be7 6. 0-0 0-0 7. Nc3 Ne4 8. Qc2 Nxc3 9. Qxc3 f5 10. Ne5 Bxg2 11. Kxg2 Bf6 12. f4 d6 13. Nf3 c5 14. e3 Nc6 15. Qd2 d5 16. cxd5 Qxd5 17. Kh3 cxd4 18. exd4 Nxd4 19. Nxd4 Bxd4 20. Rd1 Rf6 0-1

[Event "GER-ch45 V7 email"]
[Site "GER email"]
[Date "2008.08.29"]
[Round "?"]
[White "Jaschke, Dieter"]
[Black "Hempel, Reinhard"]
[Result "0-1"]
[WhiteElo "1640"]
[BlackElo "1997"]
[PlyCount "63"]
[EventDate "2008.??.??"]
[EventType "tourn (corr)"]
[EventRounds "10"]
[EventCountry "GER"]
[SourceTitle "Corr 2011"]
[Source "ChessBase"]
[SourceDate "2010.08.31"]
[SourceVersion "1"]
[SourceVersionDate "2010.08.31"]
[SourceQuality "1"]

1. d4 f5 2. e4 fxe4 3. Nc3 Nf6 4. Bg5 Nc6 5. d5 Ne5 6. Qd4 Nf7 7. Bxf6 exf6 8. Qxe4+ Be7 9. Bd3 g6 10. Nf3 0-0 11. 0-0 f5 12. Qe2 Bf6 13. Qd2 d6 14. Rae1 c5 15. Re2 Bd7 16. b3 g5 17. Nd1 g4 18. Ne1 Bg5 19. Qc3 f4 20. a4 Bh6 21. Bb5 Bg7 22. Qd2 f3 23. gxf3 gxf3 24. Nxf3 Bg4 25. Re3 Bh6 26. Be2 Bxe3 27. Nxe3 Bh3 28. Ng2 Qf6 29. Re1 Rae8 30. Nf4 Ng5 31. Nh5 Nxf3+ 32. Bxf3 0-1

[Event "GER-ch48 V8 email"]
[Site "GER email"]
[Date "2008.08.29"]
[Round "?"]
[White "Lieske, Gerhard"]
[Black "Jaschke, Dieter"]
[Result "1-0"]
[WhiteElo "1481"]
[BlackElo "1640"]
[PlyCount "35"]
[EventDate "2008.??.??"]
[EventType "tourn (corr)"]
[EventRounds "10"]
[EventCountry "GER"]
[SourceTitle "Corr 2011"]
[Source "ChessBase"]
[SourceDate "2010.08.31"]
[SourceVersion "1"]
[SourceVersionDate "2010.08.31"]
[SourceQuality "1"]

1. e4 c6 2. d4 d5 3. e5 Bf5 4. Nf3 e6 5. Be2 c5 6. Be3 Nd7 7. c4 cxd4 8. Bxd4 Bxb1 9. Rxb1 Qa5+ 10. Bc3 Bb4 11. cxd5 exd5 12. Qd4 Bxc3+ 13. bxc3 Qxa2 14. Bd3 b6 15. 0-0 Qa3 16. Qxd5 Rd8 17. Ng5 Nh6 18. e6 1-0

[Event "GER HL-163 email"]
[Site "GER email"]
[Date "2008.??.??"]
[Round "?"]
[White "Jaschke, Dieter"]
[Black "Hirschmann, Wilfried"]
[Result "0-1"]
[WhiteElo "1640"]
[BlackElo "1984"]
[PlyCount "48"]
[EventDate "2008.??.??"]
[EventType "tourn (corr)"]
[EventRounds "6"]
[EventCountry "GER"]
[SourceTitle "Corr 2011"]
[Source "ChessBase"]
[SourceDate "2010.08.31"]
[SourceVersion "1"]
[SourceVersionDate "2010.08.31"]
[SourceQuality "1"]

1. d4 Nf6 2. Nf3 d5 3. g3 Bf5 4. Bg2 c6 5. 0-0 h6 6. Nbd2 e6 7. c4 Nbd7 8. b3 Bd6 9. Bb2 Qc7 10. Rc1 0-0 11. Re1 Rfe8 12. c5 Bf8 13. b4 a5 14. a3 b6 15. e3 Reb8 16. Bc3 axb4 17. axb4 bxc5 18. bxc5 Ra3 19. Ba1 Qa5 20. h4 Be7 21. Nh2 Qb4 22. f3 Bd8 23. Kh1 Bd3 24. Bf1 Ba5 0-1

[Event "Seebach op 15th"]
[Site "Grossenseebach"]
[Date "2004.06.17"]
[Round "2"]
[White "Jaschke, Dieter"]
[Black "Juettner, Andreas"]
[Result "0-1"]
[WhiteElo "2029"]
[BlackElo "2072"]
[PlyCount "84"]
[EventDate "2004.06.17"]
[EventType "swiss"]
[EventRounds "7"]
[EventCountry "GER"]
[SourceTitle "EXT 2018"]
[Source "ChessBase"]
[SourceDate "2017.10.13"]
[SourceVersion "1"]
[SourceVersionDate "2017.10.13"]
[SourceQuality "1"]

1. d4 d5 2. Nf3 Nf6 3. c4 c6 4. cxd5 cxd5 5. Nc3 Nc6 6. Bg5 Ne4 7. Bf4 g6 8. e3 Nxc3 9. bxc3 Bg7 10. Rb1 0-0 11. Be2 b6 12. 0-0 Bf5 13. Bd3 Bxd3 14. Qxd3 Na5 15. Nd2 Rc8 16. Rb4 Qd7 17. Rc1 Rc6 18. e4 Rfc8 19. e5 Qc7 20. Nb1 Nc4 21. Nd2 Na5 22. Nb1 e6 23. Re1 Nc4 24. g3 Bf8 25. Rb3 Qb7 26. Qd1 Qa6 27. Qe2 Qa5 28. Rc1 a6 29. Kg2 b5 30. Bd2 Qxa2 31. Qd1 Qa4 32. Kh3 Nb6 33. Rb2 Qxd1 34. Rxd1 Rc4 35. Ra2 Ra4 36. Rxa4 Nxa4 37. Rc1 Be7 38. Rc2 b4 39. Ra2 Nxc3 40. Bxc3 bxc3 41. Rc2 Bb4 42. Kg2 a5 0-1

[Event "Forchheim op-A"]
[Site "Forchheim"]
[Date "2003.10.05"]
[Round "5"]
[White "Jaschke, Dieter"]
[Black "Lang, Stefan"]
[Result "0-1"]
[WhiteElo "2016"]
[BlackElo "2269"]
[PlyCount "56"]
[EventDate "2003.10.03"]
[EventType "swiss"]
[EventRounds "5"]
[EventCountry "GER"]
[SourceTitle "CBM 096 Extra"]
[Source "ChessBase"]
[SourceDate "2003.10.22"]
[SourceVersion "2"]
[SourceVersionDate "2003.10.20"]
[SourceQuality "1"]

1. d4 Nf6 2. Nf3 c5 3. e3 e6 4. c4 d5 5. cxd5 exd5 6. Bb5+ Nc6 7. Ne5 Qb6 8. Qa4 Bd7 9. Nxd7 Nxd7 10. dxc5 Nxc5 11. Bxc6+ bxc6 12. Qd4 Qa6 13. Nc3 Bd6 14. Rb1 0-0 15. Kd2 Rfe8 16. Rd1 Rab8 17. b3 Rb4 18. Qxb4 Ne4+ 19. Qxe4 dxe4 20. Kc2 Be5 21. Bb2 Qc8 22. Nxe4 Bxh2 23. Rd4 Qf5 24. Rbd1 Rxe4 25. Rd8+ Re8+ 26. Kc1 Qc5+ 27. Kb1 Qe7 28. R1d7 Qxd8 0-1

[Event "Forchheim op-A"]
[Site "Forchheim"]
[Date "2003.10.04"]
[Round "4"]
[White "Bachstein, Dustin"]
[Black "Jaschke, Dieter"]
[Result "1/2-1/2"]
[WhiteElo "2078"]
[BlackElo "2016"]
[PlyCount "36"]
[EventDate "2003.10.03"]
[EventType "swiss"]
[EventRounds "5"]
[EventCountry "GER"]
[SourceTitle "CBM 096 Extra"]
[Source "ChessBase"]
[SourceDate "2003.10.22"]
[SourceVersion "2"]
[SourceVersionDate "2003.10.20"]
[SourceQuality "1"]

1. e4 c6 2. d4 d5 3. Nc3 e6 4. Bd3 dxe4 5. Nxe4 Qxd4 6. Nf3 Qd8 7. Bf4 Nd7 8. Qe2 Ngf6 9. Rd1 Nxe4 10. Bxe4 Qa5+ 11. c3 Be7 12. 0-0 0-0 13. b4 Qb6 14. Rd3 f5 15. Bxf5 Rxf5 16. Qxe6+ Rf7 17. Qc4 Qb5 18. Qd4 Rxf4 1/2-1/2

[Event "Forchheim op-A"]
[Site "Forchheim"]
[Date "2003.10.04"]
[Round "3"]
[White "Jaschke, Dieter"]
[Black "Hohner, Karl Heinz"]
[Result "1/2-1/2"]
[WhiteElo "2016"]
[BlackElo "2026"]
[PlyCount "50"]
[EventDate "2003.10.03"]
[EventType "swiss"]
[EventRounds "5"]
[EventCountry "GER"]
[SourceTitle "CBM 096 Extra"]
[Source "ChessBase"]
[SourceDate "2003.10.22"]
[SourceVersion "2"]
[SourceVersionDate "2003.10.20"]
[SourceQuality "1"]

1. d4 Nf6 2. Nf3 d5 3. c4 c6 4. Nc3 e6 5. Bg5 dxc4 6. a4 Nbd7 7. e3 Qa5 8. Bxf6 Nxf6 9. Bxc4 Bb4 10. Rc1 Nd5 11. Qc2 b5 12. axb5 cxb5 13. Bxd5 exd5 14. 0-0 Be6 15. Qb3 Bxc3 16. Rxc3 0-0 17. Rfc1 Qd8 18. Qxb5 Rb8 19. Qa6 Rxb2 20. Qxa7 Bg4 21. Ne5 Be6 22. Qa3 Qb6 23. h3 g6 24. R1c2 Rb1+ 25. Rc1 Rb2 1/2-1/2

[Event "Forchheim op-A"]
[Site "Forchheim"]
[Date "2003.10.03"]
[Round "2"]
[White "Taufratshofer, Martin"]
[Black "Jaschke, Dieter"]
[Result "1/2-1/2"]
[WhiteElo "2063"]
[BlackElo "2016"]
[PlyCount "38"]
[EventDate "2003.10.03"]
[EventType "swiss"]
[EventRounds "5"]
[EventCountry "GER"]
[SourceTitle "CBM 096 Extra"]
[Source "ChessBase"]
[SourceDate "2003.10.22"]
[SourceVersion "2"]
[SourceVersionDate "2003.10.20"]
[SourceQuality "1"]

1. Nf3 Nf6 2. c4 e6 3. Nc3 d5 4. d4 c6 5. e3 Bb4 6. Qc2 Nbd7 7. a3 Bxc3+ 8. Qxc3 0-0 9. Be2 Re8 10. 0-0 Qc7 11. b3 e5 12. dxe5 Nxe5 13. Bb2 Nxf3+ 14. Bxf3 dxc4 15. bxc4 Bf5 16. Rad1 Rad8 17. Rxd8 Rxd8 18. Rd1 Rxd1+ 19. Bxd1 Qd6 1/2-1/2